Sports Quiz

Random Sports or NFL Quiz

Josh McCown Teams Quiz Stats

 Plays Quiz Updated Oct 24, 2017

Score 0/8 Timer 01:30
5 Plays Today
Year Team % Correct
2017–presentNew York Jets
92.6%
2015–2016Cleveland Browns
91.8%
2011–2013Chicago Bears
82.1%
2014Tampa Bay Buccaneers
73.6%
2006Detroit Lions
58.7%
2002–2005Arizona Cardinals
58.5%
2007Oakland Raiders
53.9%
2008–2009Carolina Panthers
49.8%

You're not logged in!

Compare scores with friends on all Sporcle quizzes.
OR
Log In

You Might Also Like...

Show Comments

Extras

Top Quizzes Today


Score Distribution

Your Account Isn't Verified!

In order to create a playlist on Sporcle, you need to verify the email address you used during registration. Go to your Sporcle Settings to finish the process.

Report this User

Report this user for behavior that violates our Community Guidelines.

Details: